000 00835nam a22002777a 4500
001 5511
003 FISKH
005 20241213151258.0
008 241213b cb ||||| |||| 00| 0 eng d
020 _a9780696238109
040 _aFISKH
_beng
_cFISKH
_dFISKH
050 _aSF778.E94
082 _a636.089
100 _aEvento, Susan
245 _aVet emergencies 24/7 /
_cby Susan Evento
260 _aDes Moines, lowa :
_bMeredith Books ;
_c2007.
300 _a48 pages :
_bcolor illustrations ;
_c31 cm .
505 _aS
520 _a"Animal behavior tips--make your home pet safe--how to become a vet."--on cover.
521 8 _a790
_bLexile estimate
521 8 _aS
_bRaz-Plus
650 _ainformational
_vNon-fiction
650 _acommunity helpers
_vNon-fiction
942 _2ddc
_cBK
_n0
999 _c5511
_d5511